| 000 | 00000nam##2200000za#4500 |
| 001 | 9.607627 |
| 003 | CaOODSP |
| 005 | 20210624213224 |
| 007 | cr ||||||||||| |
| 008 | 150406|1993||||xxc|||||o f|0| 0 fre|d |
| 040 | |aCaOODSP|bfre |
| 043 | |an-cn--- |
| 086 | 1 |aNH18-22/93-203F-PDF |
| 110 | 2 |aSociété canadienne d'hypothèques et de logement. |
| 245 | 13|aLe guide d'assainissement de l'air : |h[ressource électronique]|bcomment cerner et régler les problèmes de qualité de l’air de votre habitation / |
| 260 | |aOttawa - Ontario : |bSociété canadienne d'hypothèques et de logement |c[1993]. |
| 300 | |a2p. |
| 490 | 1 |aLe point en recherche et développement; série technique|v93-203 |
| 500 | |aFichier reproduit à partir de l'original polycopié. |
| 590 | |a14-16-Supp|b2014-09-25 |
| 775 | 08|tThe clean air guide : |w(CaOODSP)9.557697 |
| 830 | #0|aLe point en recherche et développement; série technique ;|v93-203|w(CaOODSP)9.500900 |
| 856 | 40|ahttp://publications.gc.ca|qPDF|s292 Ko|uhttps://publications.gc.ca/collections/collection_2014/schl-cmhc/NH18-22-93-203-fra.pdf|y93-203 |